[Event "Grenke Chess Classic 3rd"]
[Site "Baden-Baden"]
[Date "2015.02.04"]
[Round "3"]
[White "Aronian, Levon"]
[Black "Caruana, Fabiano"]
[Result "0-1"]
[WhiteElo "2777"]
[BlackElo "2811"]
[Annotator "Krasenkow,Michal"]
[PlyCount "80"]
[EventDate "2015.02.02"]
[EventType "tourn"]
[EventRounds "7"]
[EventCountry "GER"]
[EventCategory "20"]
[SourceTitle "CBM 165"]
[Source "ChessBase"]
[SourceDate "2015.03.11"]
[SourceVersion "1"]
[SourceVersionDate "2015.03.11"]
[SourceQuality "1"]

1. d4 Nf6 2. c4 e6 3. Nc3 Bb4 4. Qc2 O-O 5. Bg5 c5 6. dxc5 Qa5 7. Bd2 (7. Bxf6 {is possible, too, but White looksfor a more complicated position.}) 7... Qxc5 (7... Na6 8. a3 Nxc5 9. e4 $5 $36 (9. Rc1 Bxc3 10. Bxc3 Qa4 11. Qxa4 Nxa4 12. Bxf6 gxf6 13. b3 Nc5 14. b4 Na4 15. Nf3 b6 16. Nd2 Ba6 $11 {1/2 (46) Krush,I (2380)-Dragomarezkij,E (2468) Moscow 2002})) 8. e3 (8. a3 Bxc3 9. Qxc3 d5 10. cxd5 Qxc3 11. Bxc3 Nxd5 12. Bd2 Nc6 13. e4 Nb6 14. Be3 e5 15. Bxb6 axb6 16. Bc4 Nd4 $132 {0-1 (45) Balla,T (2377)-Prodileanu,A (2204) Sarata Monteoru 2012}) (8. e4 Nc6 9. a3 Bxc3 10. Bxc3 e5 11. Nf3 d6 12. h3 a5 13. Bd3 a4 14. O-O Be6 15. Bd2 Rfc8 16. Be3 Qa5 17. Qe2 h6 18. Rad1 Nd7 $132 {0-1 (43) Borulya,L (2105)-Serper,G (2420) Pula 1990}) 8... Qc7 (8... b6 9. a3 Bxc3 10. Bxc3 {[%cal Rc3b4]} Qe7 11. Bd3 $36) (8... d5 $6 {(not a good time to open up the position!)} 9. a3 Bxc3 10. Bxc3 a5 11. Bd4 Qc7 12. Bxf6 gxf6 13. Rc1 dxc4 14. Bxc4 Bd7 15. Nf3 Rc8 16. O-O $14 {1/2 (16) Jaracz,P (2548)-Jedynak,R (2475) Czechia 2013}) (8... Nc6 9. a3 Bxc3 10. Bxc3 e5 (10... Qe7 11. Bd3 e5 12. Ne2 Re8 13. Ng3 $14 (13. O-O $4 e4 14. Bxf6 gxf6 {0-1 (14) Ivanov,J (2300)-Dautov,R (2535) Sverdlovsk 1989})) (10... a5 11. Nf3 (11. b3 $6 e5 12. Nf3 Re8 13. Be2 d5 14. O-O d4 15. exd4 exd4 16. Bb2 Bg4 $132 {0-1 (29) Wagner,A (2241)-Kishnev,S (2488) Germany 2004}) 11... e5 12. Bd3 $14) 11. Nf3 $5 (11. b4 Qe7 12. b5 Nb8 13. Nf3 d6 14. Be2 Nbd7 15. O-O b6 16. Nd2 Bb7 17. a4 d5 18. Qb2 d4 19. Bb4 Nc5 $132 {1/2 (53) Krivko,Y-Khasin,A (2530) Omsk 1996})) ({Black's queen can therefore retreat to give to his bishop a route back to e7.} 8... Qc6 {is not the best square:} 9. Nf3 a6 10. Bd3 (10. a3 Be7 11. Bd3 d6 12. O-O Nbd7 13. b4 Qc7 14. h3 Rd8 15. Rac1 Nf8 16. Nd4 Bd7 17. Qb3 Rdc8 18. f4 $14 {1-0 (61) Marovic,D (2485)-Tatai,S (2465) Beersheba 1976}) 10... Qc7 11. g4 $5 Nxg4 12. Bxh7+ Kh8 13. Bd3 Nc6 14. Rg1 Nce5 15. Nxe5 Nxe5 16. Be2 f5 17. Nb1 Bxd2+ 18. Nxd2 $36 {1-0 (71) Mascarinas,R (2465)-Smagin,S (2540) Zenica 1989}) (8... Qb6 $142 $5 9. a3 (9. Nf3 $5) 9... Be7 10. Nf3 a6 11. Be2 Qc7 12. Rc1 b6 13. O-O Bb7 14. Rfd1 d6 15. e4 Nbd7 16. h3 Nc5 17. Bd3 Rac8 18. b3 Qb8 19. Nd4 Rfe8 $13 {1/2 (56) Tozer,R (2235)-Smagin,S (2535) London 1989}) (8... Qh5 $5 9. a3 Be7 10. Nge2 b6 11. Nf4 Qe5 12. Be2 Bb7 13. O-O Nc6 14. Rac1 Rac8 15. b4 d5 16. cxd5 exd5 $132 {[%cal Yd5d4] 0-1 (60) Hartston,W (2465)-Ornstein,A (2450) Skara 1980}) 9. Nf3 (9. Nb5 $5 Bxd2+ 10. Qxd2 Qb6 11. Nd6 {needs checking. Black can try to oust White's knight by means of ...f6-e8 later on.}) 9... Be7 10. Bd3 Nc6 ({A more classic hedgehog setup was seen in the following game:} 10... Na6 11. a3 Nc5 12. Be2 d6 13. O-O b6 14. b4 Ncd7 15. Rac1 Bb7 16. e4 Rac8 17. Rfd1 Rfd8 18. Bf4 Qb8 19. h3 h6 20. Qb1 Ne8 $13 {1/2 (39) Zysk,R (2395)-Ribli,Z (2620) Germany 1988}) ({but} 10... a6 11. O-O d6 {[%cal Yb7b6,Yc8b7,Yb8d7] was a more direct way to get a hedgehog.}) 11. a3 b6 (11... a6 $5 {not allowing the following manoeuvre, which is, however, quite harmless.}) 12. Nb5 $146 ({RR} 12. O-O Bb7 13. h3 Rac8 14. Rac1 Qb8 15. e4 Nh5 16. Rfe1 Nf4 17. Nd5 Nxd3 18. Nxe7+ Nxe7 19. Qxd3 d6 20. Bb4 Rcd8 21. Rcd1 Nc8 22. e5 Bxf3 23. Qxf3 a5 24. Bc3 Ne7 25. exd6 Rxd6 26. Rxd6 Qxd6 {Gagunashvili,M (2588)-Tran,T (2478) Subic Bay 2016 1-0 (90)}) 12... Qb8 13. Bc3 h6 (13... a6 14. Bxf6 Bxf6 15. Bxh7+ Kh8 16. Nc3 g6 17. Bxg6 fxg6 18. Qxg6 {looks risky for Black but objectively White hardly has anything better than a perpetual check.}) 14. Rd1 a6 15. Nbd4 (15. Bxf6 Bxf6 16. Nd6 Be7 17. Nxc8 Qxc8 18. O-O Qc7 {is hardly promising for White.}) 15... Nxd4 16. Bxd4 d6 $5 ({Equally good was} 16... Bb7 {(here or on the next move). ...b6-b5 would be possible in any case.}) 17. O-O Bd7 18. e4 e5 19. Bc3 Rc8 (19... b5 20. c5 $5 {although after} Rc8 21. cxd6 Bxd6 {Black is OK, too.}) 20. Qe2 Be6 21. Nh4 $5 g6 22. g3 {A passive continuation after the sharp previous move.} (22. f4 $5 {was more logical:} Bg4 (22... exf4 $2 23. Nf5 $1) 23. Nf3 exf4 24. h3 Bh5 (24... Bxf3 $2 25. Qxf3 g5 26. g3) 25. e5 dxe5 26. Bxe5 Qb7 27. Bxf4 Re8 28. Qc2 {[%cal Rg2g4,Rf4h6]} g5 $13) 22... Qc7 {The c4 pawn is now doomed.} 23. Ng2 (23. b3 b5) (23. Bd2 $5 Bxc4 24. Bxh6 Bxd3 25. Rxd3 Qc2 26. Qf3 $1 d5 27. Nf5 gxf5 28. Qxf5 Nxe4 29. Qg4+ (29. Rf3 $143 Nd6 30. Qxe5 Qg6 31. Qxe7 Nf5) 29... Ng5 30. Rfd1 $13 {(Chesspro.ru)}) 23... Bxc4 24. Ne3 Bxd3 25. Rxd3 Nxe4 26. Bxe5 dxe5 27. Nd5 Qd6 (27... Nxg3 28. fxg3 Qb7 {looks too risky.}) 28. Qxe4 Bf8 29. Rfd1 $44 {White has powerful pieces but Black has no real weaknesses so this compensation can only be enough for equality.} b5 30. Qf3 (30. Nf4 Qf6 31. Nd5 $11 Qe6 32. Re1 {[%cal Rd5c7,Re4e5]} (32. Nc7 $2 Qc4 $1)) 30... Kg7 31. Nc3 $6 {[%mdl 16384] White takes the wrong way by preparing a rook invasion, which doesn't bring him any benefit. He had a good opportunity to regain the pawn:} (31. Nc7 $1 Qxc7 32. Rd7 Qc4 33. R1d5 Be7 $8 34. Rxe7 Rf8 35. Rdxe5 $11) 31... Qe6 32. Rd7 Bc5 33. Qe4 Ra7 {Black has improved the position of his pieces, and White's compensation has vanished.} 34. Rd8 $2 {[%mdl 8192] Blundering another pawn. Positional mistakes often lead to tactical oversights when you try to prove the unprovable: the correctness of your wrong plan.} Rxd8 35. Rxd8 Bxf2+ $1 36. Kg2 (36. Kxf2 Qb6+) 36... Bb6 37. Rd2 Rc7 38. Qa8 Bd4 39. Ne2 Rd7 40. b4 h5 0-1

[Event "Titled Tue 2nd Jan Late"]
[Site "chess.com INT"]
[Date "2024.01.02"]
[Round "11"]
[White "Bluebaum, M.."]
[Black "Caruana, F.."]
[Result "0-1"]
[WhiteElo "2655"]
[BlackElo "2804"]
[PlyCount "148"]
[EventDate "2024.01.02"]

1. d4 Nf6 2. c4 e6 3. Nc3 Bb4 4. e3 O-O 5. Bd2 d5 6. Nf3 Nbd7 7. a3 Be7 8. cxd5 exd5 9. Bd3 c6 10. Qc2 ({RR} 10. O-O Bd6 11. Qc2 Re8 12. Rfe1 h6 13. h3 Nb6 14. Re2 Be6 15. Rae1 a6 16. e4 dxe4 17. Nxe4 Nxe4 18. Bxe4 Nd5 19. Bf5 Nc7 20. Bh7+ Kh8 21. Ba5 Qd7 22. Bxc7 Bxc7 23. Bf5 Bxf5 24. Rxe8+ Rxe8 {Aczel,G (2482)-Zverev,L (2421) Budapest HUN 2025 ½-½ (40)}) 10... Re8 11. Ne5 Nf8 12. O-O Ng4 $146 ({RR} 12... Bd6 13. f4 a5 14. Be1 Ng6 15. Bg3 c5 16. Bb5 Re7 17. Rae1 Qb6 18. Kh1 cxd4 19. exd4 Qxd4 20. Bf2 Qxf4 21. Bg3 Qh6 22. Nxf7 Rxf7 23. Bxd6 Bd7 24. Qb3 Bxb5 25. Qxb5 Rd8 26. Qb6 Rfd7 27. Bc7 {Bluebaum,M (2670)-Svane,F (2626) chess.com INT 2023 1-0 (32)}) ({RR} 12... Bd6 13. f4 c5 14. Bb5 Re7 15. Be1 Ng6 16. Nxg6 hxg6 17. Bh4 Be6 18. Bxf6 gxf6 19. f5 gxf5 20. Bd3 cxd4 21. exd4 Qc7 22. h3 Bf4 23. Kh1 Be3 24. Qe2 Bxd4 25. Nb5 Qe5 26. Nxd4 Qxd4 27. Bxf5 {Bluebaum,M (2647)-Caruana,F (2805) chess.com INT 2024 0-1 (70)}) 13. Nf3 Bd6 14. h3 Nf6 15. Rfe1 Ng6 16. b4 a6 17. Rab1 Bd7 18. a4 Rc8 19. e4 dxe4 20. Nxe4 Nxe4 21. Bxe4 Be6 22. Ng5 Bd5 23. Bxd5 cxd5 24. Qf5 Rf8 25. b5 Be7 26. bxa6 bxa6 27. Nf3 Bf6 28. Rb7 Re8 29. Rxe8+ Qxe8 30. Qxd5 Ne7 31. Qb3 Nf5 32. Bg5 Nxd4 33. Nxd4 Bxg5 34. Nf3 Bf6 35. g3 g6 36. Kg2 Kg7 37. Qd5 Rd8 38. Qc4 Rd6 39. a5 Qe6 40. Qxe6 Rxe6 41. h4 h6 42. Rb6 Bc3 43. Rb7 Bxa5 44. Nd4 Rd6 45. Nb3 Bb6 46. Rb8 a5 47. Ra8 Rd3 48. Nc1 Rd2 49. Kf3 Rxf2+ 50. Ke4 Rg2 51. Kf3 Rc2 52. Nd3 Bc7 53. Rc8 Rc3 54. Ke4 Be5 55. Rxc3 Bxc3 56. g4 a4 57. Nc1 a3 58. Na2 Bb2 59. h5 Kf6 60. Nb4 gxh5 61. gxh5 Kg5 62. Na2 f5+ 63. Kf3 Kxh5 64. Nb4 Kg5 65. Nd3 h5 66. Nf4 a2 67. Ne6+ Kf6 68. Nf4 a1=Q 69. Nxh5+ Ke5 70. Nf4 Qf1+ 71. Kg3 Qxf4+ 72. Kh3 Qg4+ 73. Kh2 Bd4 74. Kh1 Qh3# 0-1

[Event "Chess.com Classic Play-In"]
[Site "chess.com INT"]
[Date "2024.05.08"]
[Round "4.2"]
[White "Bluebaum, M.."]
[Black "Caruana, F.."]
[Result "0-1"]
[WhiteElo "2647"]
[BlackElo "2805"]
[PlyCount "140"]
[EventDate "2024.05.08"]

1. d4 Nf6 2. c4 e6 3. Nc3 Bb4 4. e3 d5 5. Bd2 O-O 6. Nf3 Nbd7 7. a3 Be7 8. cxd5 exd5 9. Bd3 c6 10. Qc2 Re8 11. Ne5 Nf8 12. O-O Bd6 ({RR} 12... Ng4 13. Nf3 Bd6 14. h3 Nf6 15. Rfe1 Ng6 16. b4 a6 17. Rab1 Bd7 18. a4 Rc8 19. e4 dxe4 20. Nxe4 Nxe4 21. Bxe4 Be6 22. Ng5 Bd5 23. Bxd5 cxd5 24. Qf5 Rf8 25. b5 Be7 26. bxa6 bxa6 27. Nf3 {Bluebaum,M (2655)-Caruana,F (2804) chess.com INT 2024 0-1 (74)}) 13. f4 c5 $146 ({RR} 13... a5 14. Be1 Ng6 15. Bg3 c5 16. Bb5 Re7 17. Rae1 Qb6 18. Kh1 cxd4 19. exd4 Qxd4 20. Bf2 Qxf4 21. Bg3 Qh6 22. Nxf7 Rxf7 23. Bxd6 Bd7 24. Qb3 Bxb5 25. Qxb5 Rd8 26. Qb6 Rfd7 27. Bc7 Rc8 28. Qe6+ {Bluebaum,M (2670)-Svane,F (2626) chess.com INT 2023 1-0 (32)}) 14. Bb5 Re7 15. Be1 Ng6 16. Nxg6 hxg6 17. Bh4 Be6 18. Bxf6 gxf6 19. f5 gxf5 20. Bd3 cxd4 21. exd4 Qc7 22. h3 Bf4 23. Kh1 Be3 24. Qe2 Bxd4 25. Nb5 Qe5 26. Nxd4 Qxd4 27. Bxf5 Rae8 28. Rad1 Qh4 29. Qd3 Kg7 30. Qf3 Bxf5 31. Qxf5 Re5 32. Qf3 Rd8 33. Kh2 b6 34. Rd4 Re4 35. Rd3 Qg5 36. Kh1 Qe5 37. Qg3+ Kf8 38. Qf2 Rd6 39. Rf3 d4 40. Rf5 Qe6 41. Qg3 Ke7 42. Kh2 Re5 43. R5f3 Re3 44. Rxe3 dxe3 45. Re1 Rd3 46. Qc7+ Qd7 47. Qxd7+ Kxd7 48. Kg3 Rb3 49. Re2 Ke6 50. Kf3 Kf5 51. h4 Kg6 52. g4 f5 53. gxf5+ Kxf5 54. h5 Kg5 55. Ke4 f5+ 56. Ke5 Rb5+ 57. Kd4 f4 58. Ke4 Rf5 59. Rg2+ Kf6 60. Rg6+ Kf7 61. Kxf5 e2 62. Rg1 f3 63. h6 f2 64. Rg7+ Kf8 65. Kf6 f1=Q+ 66. Kg6 e1=Q 67. Rxa7 Qe6+ 68. Kh7 Qff5+ 69. Kh8 Qxh6+ 70. Rh7 Qhxh7# 0-1

[Event "Titled Tue 16th Jul Late"]
[Site "chess.com INT"]
[Date "2024.07.16"]
[Round "9"]
[White "Bok, B.."]
[Black "Caruana, F.."]
[Result "0-1"]
[WhiteElo "2587"]
[BlackElo "2796"]
[PlyCount "118"]
[EventDate "2024.07.16"]

1. d4 Nf6 2. c4 e6 3. Nc3 Bb4 4. Qc2 d5 5. a3 Bxc3+ 6. Qxc3 O-O 7. Bg5 h6 8. Bxf6 Qxf6 9. Nf3 dxc4 10. Qxc4 Bd7 ({RR} 10... Nc6 11. Qc3 Re8 12. Rd1 e5 13. d5 Nb8 14. e3 Bg4 15. Be2 Nd7 16. O-O Rac8 17. Qb4 Bxf3 18. Bxf3 Qb6 19. Qxb6 axb6 20. Bg4 Rcd8 21. Bxd7 Rxd7 22. e4 Rd6 23. Rd3 b5 24. Rc1 c6 25. Kf1 {So,W (2761)-Nakamura,H (2768) Saint Louis USA 2023 ½-½ (37)}) 11. e3 Rc8 12. Be2 $146 ({RR} 12. Bd3 Bc6 13. e4 Qg6 14. Qc2 Qxg2 15. Ke2 Nd7 16. h4 Qg4 17. h5 Qf4 18. Rag1 f5 19. Rh4 Qd6 20. Rg6 Qe7 21. Rh3 Rf8 22. Rhg3 Rf7 23. Kf1 Nf6 24. exf5 Nxh5 25. Ne5 Nxg3+ 26. Rxg3 Rf6 {Sarana,A (2717)-Caruana,F (2796) chess.com INT 2024 0-1 (38)}) 12... Bc6 13. O-O Nd7 14. Rac1 Be4 15. Nd2 Bd5 16. Qc3 Qg6 17. Bf3 Nf6 18. Qc2 Qxc2 19. Rxc2 Bxf3 20. Nxf3 c6 21. Rfc1 a5 22. Kf1 Rd8 23. Ne5 Rd5 24. Ke2 g5 25. Nc4 Ra6 26. a4 Kg7 27. Rc3 Rd8 28. Rb3 Ra7 29. f3 Nd5 30. Ne5 Nb4 31. Nd3 Nxd3 32. Kxd3 e5 33. Rc4 Rd7 34. Kc3 exd4+ 35. Rxd4 Re7 36. e4 Ra8 37. Kd3 h5 38. Ke3 h4 39. Rbd3 Rae8 40. Rd8 Kf6 41. Rxe8 Rxe8 42. Rd7 Rb8 43. Rc7 Ke6 44. g3 h3 45. f4 gxf4+ 46. gxf4 Rg8 47. f5+ Kf6 48. Kf4 Rg2 49. e5+ Kg7 50. e6 Rxh2 51. Rxf7+ Kg8 52. f6 Rf2+ 53. Ke5 h2 54. Rg7+ Kh8 55. e7 Re2+ 56. Kd6 h1=Q 57. f7 Qd5+ 58. Kc7 Rxe7+ 59. Kb8 Kxg7 0-1

[Event "Titled Tue 17th Jun Early"]
[Site "chess.com INT"]
[Date "2025.06.17"]
[Round "4"]
[White "Cori Quispe, Kevin Joel"]
[Black "Caruana, F.."]
[Result "0-1"]
[WhiteElo "2464"]
[BlackElo "2777"]
[PlyCount "74"]
[EventDate "2025.06.17"]

1. d4 Nf6 2. c4 e6 3. Nc3 Bb4 4. e3 b6 5. Bd3 Bb7 ({RR} 5... Bxc3+ 6. bxc3 O-O 7. Nf3 c5 8. O-O Nc6 9. Ne1 e5 10. d5 Na5 {½-½ (10) Speelman,J (2600)-Adams,M (2640) New York 1994}) 6. Nh3 O-O 7. O-O c5 $146 ({RR} 7... d5 8. cxd5 exd5 9. Bd2 Re8 10. f3 c5 11. a3 Bxc3 12. bxc3 Ba6 13. Bxa6 Nxa6 14. Qe2 Nc7 15. Be1 Qd7 16. Bh4 Qb5 17. Qd2 Qc6 18. Rae1 Nb5 19. Nf4 Nd7 20. dxc5 Nc7 21. Rd1 Nxc5 22. Rfe1 {Sambuev,B (2448)-Meshkovs,N (2573) Toronto CAN 2023 ½-½ (58)}) ({RR} 7... d5 8. cxd5 exd5 9. a3 Be7 10. b4 c5 11. bxc5 bxc5 12. dxc5 Bxc5 13. Nb5 Nc6 14. Rb1 Rb8 15. Bb2 a6 16. Nd4 Nxd4 17. Bxd4 Bxd4 18. exd4 Qd6 19. Ng5 Qxa3 20. Rb6 Qe7 21. Re1 Qd8 22. Qb1 {Cori Quispe,K (2464)-Yoo,C (2588) chess.com INT 2025 0-1 (38)}) ({RR} 7... d5 8. cxd5 exd5 9. Bd2 Re8 10. f3 c5 11. a3 Bxc3 12. bxc3 Ba6 13. Bxa6 Nxa6 14. Qe2 Nc7 15. Be1 Qd7 16. Bh4 Qb5 17. Qd2 Qc6 18. Rae1 Nb5 19. Nf4 Nd7 20. dxc5 Nc7 21. Rd1 Nxc5 22. Rfe1 {Sambuev,B (2448)-Meshkovs,N (2573) Toronto CAN 2023 ½-½ (58)}) 8. a3 cxd4 9. axb4 dxc3 10. bxc3 d6 11. f3 Nbd7 12. e4 Ne5 13. Be2 Qc7 14. Qd4 Rfc8 15. Bg5 Ne8 16. f4 Nxc4 17. f5 e5 18. Qf2 f6 19. Bc1 Bxe4 20. Qh4 d5 21. Nf2 Bxf5 22. Ng4 Bg6 23. Qg3 Ned6 24. h4 Ne4 25. Qh3 h5 26. Nh2 Ncd6 27. Rf3 Nxc3 28. Ba6 d4 29. g4 Re8 30. Bd2 Nde4 31. Be1 b5 32. Nf1 Ne2+ 33. Kh2 Nf4 34. Rxf4 exf4 35. gxh5 Bxh5 36. Qf5 Qc2+ 37. Kh1 Bf3+ 0-1

[Event "EU-chT (Men) 16th"]
[Site "Heraklion"]
[Date "2007.10.31"]
[Round "4.2"]
[White "Drasko, Milan"]
[Black "Caruana, Fabiano"]
[Result "1/2-1/2"]
[WhiteElo "2557"]
[BlackElo "2594"]
[PlyCount "36"]
[EventDate "2007.10.28"]
[EventType "team-swiss"]
[EventRounds "9"]
[EventCountry "GRE"]
[SourceTitle "CBM 121"]
[Source "ChessBase"]
[SourceDate "2007.11.14"]
[SourceVersion "1"]
[SourceVersionDate "2007.11.14"]
[SourceQuality "1"]
[WhiteTeam "Montenegro"]
[BlackTeam "Italy"]
[WhiteTeamCountry "MNE"]
[BlackTeamCountry "ITA"]

1. d4 Nf6 2. c4 e6 3. Nc3 Bb4 4. Qc2 c5 5. dxc5 O-O 6. a3 Bxc5 7. Nf3 b6 8. Bg5 Nc6 9. e3 Be7 10. Be2 Bb7 11. O-O Rc8 12. Rfd1 h6 13. Bh4 Na5 14. Ne5 d6 15. b4 Nc6 16. Nf3 a6 $146 ({RR} 16... Nh5 17. Bxe7 Qxe7 18. Rd2 Nf6 19. Rad1 Rfd8 20. Qb3 a6 21. h3 Qc7 22. Rc2 Ne7 23. Rcc1 Qb8 {½-½ (23) Agrest,E (2554)-Akesson,R (2486) Oerebro 2000}) 17. Rac1 Nb8 18. Qd3 Rc7 1/2-1/2

[Event "Julius Baer Play-In Match"]
[Site "chess.com INT"]
[Date "2023.07.25"]
[Round "1.2"]
[White "Dreev, A.."]
[Black "Caruana, F.."]
[Result "1-0"]
[WhiteElo "2606"]
[BlackElo "2782"]
[PlyCount "127"]
[EventDate "2023.07.24"]
[EventType "k.o."]

1. d4 {Marin,Mihail} Nf6 2. c4 e6 3. Nc3 Bb4 4. Qc2 d5 5. a3 Bxc3+ 6. Qxc3 O-O 7. e3 ({RR} 7. Bg5 dxc4 8. Qxc4 b6 9. Rd1 Ba6 10. Qa4 Bb7 ({RR} 10... Qd7) 11. f3 Nbd7) ({RR} 7. Nf3 dxc4 8. Qxc4 b6) 7... b6 8. cxd5 ({RR} 8. Nf3 Ba6 ({RR} 8... Bb7) 9. b4) 8... Nxd5 ({RR} 8... exd5 9. Bd3 ({RR} 9. Nf3 Ne4 10. Qc2 Bf5) 9... Ba6 ({RR} 9... Ne4 10. Qc2 Bf5 11. Ne2) 10. Bxa6 Nxa6 11. Qd3 ({RR} 11. Nf3 c5) 11... Qc8 12. Ne2 ({RR} 12. b4 c5) 12... c5 13. b3 cxd4 ({RR} 13... Qb7 14. O-O Rac8 15. Bb2) 14. Qxd4 ({RR} 14. Nxd4 Nc5 15. Qb5 ({RR} 15. Qe2 Nxb3 16. Nxb3 Qc3+) ({RR} 15. Qb1 Qa6) ({RR} 15. Qc2 Qa6) 15... a6 16. Qxb6 Rb8 17. Qc6 Nxb3 18. Qxc8 Rfxc8) ({RR} 14. exd4) 14... Nc5 15. Qd1 ({RR} 15. Rb1 Qf5) 15... Qa6 16. Nf4 ({RR} 16. O-O Nxb3) 16... d4 ({RR} 16... g5 17. Bb2) ({RR} 16... Rad8 17. b4 ({RR} 17. Bb2 d4 18. Bxd4 Rxd4 19. Qxd4 Nxb3 20. Qb2 Nxa1 21. Qxa1 Qa5+ 22. Ke2 Qb5+) 17... g5 18. bxc5 ({RR} 18. Bb2 d4) 18... gxf4) 17. b4 ({RR} 17. exd4 Rfe8+ 18. Be3 g5 19. Ne2 Nd3+ 20. Kf1 Nd5) 17... dxe3 ({RR} 17... Nd5 18. Nxd5 ({RR} 18. bxc5 Nxf4 19. exf4 Rfe8+ 20. Kd2 bxc5) 18... Nd3+ 19. Kd2 Nxf2 20. Qf1 Ne4+ 21. Ke1 d3) 18. bxc5 Qa5+ 19. Kf1 Rad8 20. Qc2 Qb5+ 21. Ke1 ({RR} 21. Kg1 Qxc5) 21... Qa5+ 22. Kf1 Qb5+ 23. Ke1 {Carlsen,M (2835)-Kramnik,V (2801) Moscow 2012 CBM 149 [Marin,Mihail] ½-½}) ({RR} 8... Qxd5 9. f3 ({RR} 9. Be2 c5 10. Bf3 Ne4 11. Qc2 f5 12. Ne2 cxd4 13. exd4 Nc6 14. Be3 Ba6) 9... Ba6 ({RR} 9... Rd8) 10. Bxa6 Nxa6 11. e4 Qb7 12. Bg5 Nd7 13. Ne2) 9. Qc2 Bb7 ({RR} 9... Ba6 10. Bxa6 Nxa6 11. e4 Ne7 12. Bg5 h6 13. Bxe7 Qxe7 14. Qc6 e5 15. Qb5 exd4 16. Qxa6 Qxe4+ 17. Kf1 Rfe8) 10. Nf3 c5 ({RR} 10... Nf6 11. Be2 Nbd7 12. O-O c5 13. b4 cxd4 14. Nxd4 Rc8 15. Qa4 a6 16. b5 Nc5 17. Qd1 axb5 18. Nxb5 Qxd1 19. Rxd1 Nb3 20. Rb1 Nxc1 21. Rdxc1 Rxc1+ 22. Rxc1 Rc8 {½-½ (22) Lou Yiping (2464)-Wang,S (2452) Ji'an CHN 2025}) 11. e4 $146 ({RR} 11. dxc5 Nd7 12. Bd3 h6 13. cxb6 Rc8 14. Qe2 Nc5 15. O-O Qxb6 16. Bc4 Nb3 17. Bxb3 Qxb3 18. Nd4 Qb6 19. Rd1 Rfd8 20. Bd2 e5 21. Nf5 Kh7 22. e4 Nf6 23. Be3 Qe6 24. Rxd8 Rxd8 25. f3 Ba6 {Lenaerts,L (2306)-De Haan,E (2329) Belgium 2017 0-1}) 11... Ne7 12. Be3 cxd4 13. Nxd4 Nd7 14. Rd1 Rc8 15. Qb1 a6 16. Be2 Ng6 17. O-O Qe7 18. f3 Nc5 19. Rd2 Qf6 20. Rfd1 h5 21. Rc2 h4 22. Qc1 Qe5 23. h3 Qg3 24. Bf1 Rfd8 25. b4 Na4 26. Rxc8 Rxc8 27. Qd2 b5 28. Nb3 Ne5 29. Qf2 Nb2 30. Qxg3 hxg3 31. Rc1 Nec4 32. Bf4 Nxa3 33. Rxc8+ Bxc8 34. Bxg3 Nc2 35. Bd6 Nc4 36. Bc5 e5 37. Bd3 Ne1 38. Be2 Be6 39. Kf2 Nc2 40. Bd1 N2a3 41. Nc1 Nb2 42. Be2 f6 43. h4 Bc4 44. g3 Kf7 45. h5 Nb1 46. f4 Nc3 47. Bf3 Be6 48. fxe5 fxe5 49. g4 Nca4 50. Bd6 Nc4 51. Bc7 Nc3 52. Nd3 Na2 53. g5 Ke7 54. Kg3 Bg8 55. g6 Kf6 56. Bd8+ Ke6 57. Bg4+ Kd6 58. Bf6 Nd2 59. Bf5 Nc3 60. Bxg7 Ncxe4+ 61. Kg4 Nc3 62. h6 Nd5 63. Bxe5+ Ke7 64. h7 1-0